LIBRARY & INFORMATION CENTRE, KCAET, TAVANUR

ONLINE PUBLIC ACCESS CATALOGUE (OPAC)

Physical process in atmospheric models / (Record no. 9853)

MARC details
000 -LEADER
fixed length control field 00434cam a2200169ua 4500
003 - CONTROL NUMBER IDENTIFIER
control field OSt
008 - FIXED-LENGTH DATA ELEMENTS--GENERAL INFORMATION
fixed length control field 250802b |||||||| |||| 00| 0 eng d
020 ## - INTERNATIONAL STANDARD BOOK NUMBER
ISBN 81-224-0384-0
041 ## - LANGUAGE CODE
Language code of text/sound track or separate title eng
082 ## - DEWEY DECIMAL CLASSIFICATION NUMBER
Classification number 551.55
Item number SIK/PH
100 ## - MAIN ENTRY--AUTHOR NAME
Personal name Sikka, D R .
245 ## - TITLE STATEMENT
Title Physical process in atmospheric models /
260 ## - PUBLICATION, DISTRIBUTION, ETC. (IMPRINT)
Place of publication New Delhi :
Name of publisher Wiley Eastern Ltd ,
Year of publication 1992.
300 ## - PHYSICAL DESCRIPTION
Number of Pages 586 ; .
700 1# - ADDED ENTRY--PERSONAL NAME
Personal name Singh, S S .
942 ## - ADDED ENTRY ELEMENTS (KOHA)
Koha item type Books
Holdings
Withdrawn status Lost status Damaged status Home library Current library Date acquired Full call number Accession Number Koha item type
      KAUAET KAUAET 07/04/2012 551.55 SIK/PH 17978 Books
free website counter